000
00270nam a2200133Ia 4500
100
_a
Shell/Stanley
942
_c
BK
654
_a
PC
245
_a
PC data Handbook
260
_b
BPB
_a
New Delhi
_c
1992
082
_a
621.381954
_b
SHE
300
_a
359
546
_a
ENGLISH
999
_c
27394
_d
27394